000 00310nam a2200121Ia 4500
008 140316s9999 xx 000 0 und d
082 _a170
_bRAN/ PH
100 _aRanganathananda
245 _aPhilsophy and spirituality
260 _aBombay
_bBharatiya vidya bhavan
_c1994
300 _a572
942 _2ddc
_cREF
999 _c17954
_d17954